000 00354 a2200157 4500
001 70434
020 _a850400676X
040 _cAnchieta - Itaigara
100 _aTwain, Mark
240 1 0 _aAs viagens de Tom Sawyer
_lpor
245 1 0 _aAs viagens de Tom Sawyer
300 _a119
362 0 _a2004
650 4 _aLiteratura infanto-juvenil
942 _cBK
999 _c70434
_d70434